000 00293nam a22001217a 4500
008 170526b xxu||||| |||| 00| 0 eng d
041 _aeng
080 _a621.38
100 _a27
101 _aIM
245 _aTHE COMPLETE HOME ELECTRICAL WRINING HANDBOOK
_cADAMS.J.T
942 _2udc
_cBK
999 _c14572
_d14572